01164 a2200205 45000010006000000050017000060080041000230030015000640400040000790800056001192450030001750200018002052500012002232640030002353000019002655050540002840410008008241000027008328560099008594577220260407155729.0260407a1990 arg spa dAR-UNSa-BCEJYS aAR-UNSa-BCEJYSbspacAR-UNSa-BCEJYS a519.2xProbabilidades y estadística matemática 10aEstadística paso a paso a968-24-3932-9 a2a. ed. 1aMéxico :bTrillasc1990 a682 p.c23 cm. a1. Recolección de datos – 2. Organización gráfica y resumen de los datos – 3. Resumen numérico de los datos – 4. Reglas básicas de la probabilidad – 5. Probabilidad de distribuciones de variables aleatorias – 6. Distribuciones de muestreos – 7. Estimación e intervalos de confianza – 8. Pruebas de las hipótesis acerca de las medias de distribuciones normales – 9. Datos categóricos y sus pruebas – 10. Análisis de la variable – 11. Regresión y correlación – 12. Pruebas no paramétricas -  aspa1 aChristensen, Howard B.41uhttps://www.biblioeco.unsa.edu.ar/pmb/images/libros/L127174.jpgyImagen de portadaqimage/jpeg